书目信息 |
| 题名: |
棚室蔬菜栽培技术大全
|
|
| 作者: | 郭晓雷 , 王鑫 , 李颖 主编 | |
| 分册: | ||
| 出版信息: | 北京 化学工业出版社 2015 |
|
| 页数: | 623页, [5] 页图版 | |
| 开本: | 21cm | |
| 丛书名: | 棚室蔬菜栽培图解丛书 | |
| 单 册: | ||
| 中图分类: | S626.5-64 | |
| 科图分类: | ||
| 主题词: | 蔬菜--Shu Cai--温室栽培--图解 | |
| 电子资源: | ||
| ISBN: | 978-7-122-23078-2 | |
| 000 | 01254nam 2200301 450 | |
| 001 | 012001002065 | |
| 005 | 20131109161618.0 | |
| 010 | @a978-7-122-23078-2@dCNY69.00 | |
| 099 | @aCAL 012015109074 | |
| 100 | @a20150415d2015 em y0chiy50 ea | |
| 101 | 0 | @achi |
| 102 | @aCN@b110000 | |
| 105 | @aaf a 000yy | |
| 106 | @ar | |
| 200 | 1 | @a棚室蔬菜栽培技术大全@APeng Shi Shu Cai Zai Pei Ji Shu Da Quan@f郭晓雷, 王鑫, 李颖主编 |
| 210 | @a北京@c化学工业出版社@d2015 | |
| 215 | @a623页, [5] 页图版@c彩图@d21cm | |
| 225 | 2 | @a棚室蔬菜栽培图解丛书@APeng Shi Shu Cai Zai Pei Tu Jie Cong Shu |
| 320 | @a有书目 (第622-623页) | |
| 330 | @a本书共分十章,第一章介绍棚室蔬菜栽培设施的类型、结构和性能以及我国棚室蔬菜生产的现状、存在问题和展望,后续九章先后介绍了棚室白菜类、甘蓝类、根菜和薯芋类、绿叶菜类、葱蒜类、茄果类、瓜果类、软化栽培类等9类42种蔬菜的特征特性、对环境条件的要求、品种选择、栽培关键技术、病虫害防治以及采收、贮藏、保鲜等方面内容。 | |
| 410 | 0 | @12001@a棚室蔬菜栽培图解丛书 |
| 606 | 0 | @a蔬菜@AShu Cai@x温室栽培@j图解 |
| 690 | @aS626.5-64@v5 | |
| 701 | 0 | @a郭晓雷@AGuo Xiao Lei@4主编 |
| 701 | 0 | @a王鑫@AWang Xin@4主编 |
| 701 | 0 | @a李颖@ALi Ying@4主编 |
| 801 | 0 | @aCN@b北京卓展@c20191020 |
| 905 | @b1199532-5@dS626.5-64@e567@f4 | |
| 棚室蔬菜栽培技术大全/郭晓雷, 王鑫, 李颖主编.-北京:化学工业出版社,2015 |
| 623页, [5] 页图版:彩图;21cm.-(棚室蔬菜栽培图解丛书) |
| ISBN 978-7-122-23078-2:CNY69.00 |
| 本书共分十章,第一章介绍棚室蔬菜栽培设施的类型、结构和性能以及我国棚室蔬菜生产的现状、存在问题和展望,后续九章先后介绍了棚室白菜类、甘蓝类、根菜和薯芋类、绿叶菜类、葱蒜类、茄果类、瓜果类、软化栽培类等9类42种蔬菜的特征特性、对环境条件的要求、品种选择、栽培关键技术、病虫害防治以及采收、贮藏、保鲜等方面内容。 |
| ● |
| 相关链接 |
|
|
|
|
正题名:棚室蔬菜栽培技术大全
索取号:S626.5-64/567
 
预约/预借
| 序号 | 登录号 | 条形码 | 馆藏地/架位号 | 状态 | 备注 |
| 1 | 1199532 | 211995322 | 第二样本阅览室/ [索取号:S626.5-64/567] | 在馆 | |
| 2 | 1199533 | 211995331 | 第三借阅区/ [索取号:S626.5-64/567] | 在馆 | |
| 3 | 1199534 | 211995340 | 第三借阅区/ [索取号:S626.5-64/567] | 在馆 | |
| 4 | 1199535 | 211995359 | 第三借阅区/ [索取号:S626.5-64/567] | 在馆 |